La filosofía en los estudios generales en Costa Rica /
Guardado en:
| Autor principal: | |
|---|---|
| Formato: | Libro |
| Lenguaje: | Spanish |
| Etiquetas: |
Agregar Etiqueta
Sin Etiquetas, Sea el primero en etiquetar este registro!
|
MARC
| LEADER | 00000nam a22000007a 4500 | ||
|---|---|---|---|
| 003 | cru CIDCACS/IIS | ||
| 005 | 20200108134835.0 | ||
| 007 | ta | ||
| 008 | 200108s1997 cr |||||r||||||0| ||spa|d | ||
| 999 | |c 42791 |d 42791 | ||
| 040 | |c cru CIDCACS/IIS | ||
| 090 | |a 05.03.01 C397n | ||
| 100 | 1 | |9 8885 |a Calderón, Ana Lía | |
| 245 | 1 | 3 | |a La filosofía en los estudios generales en Costa Rica / |c Ana Lía Calderón |
| 300 | |a páginas 59-62 | ||
| 773 | 0 | |0 42772 |9 4126 |a Universidad Nacional de Costa Rica |d Heredia, Costa Rica: Editorial Fundación UNA, 1997 |o 18137 |t Nuevo Humanismo: |x 14050234 | |
| 942 | |2 ddc |c LI | ||
